| 000 | 00863nab a2200241 u 4500 | ||
|---|---|---|---|
| 001 | 17299 | ||
| 003 | HDC | ||
| 007 | cr bn ---aaaaa | ||
| 008 | 210223c20111025xx dr|noo 0 a eng d | ||
| 040 | _aHDC | ||
| 245 | 0 | _aMalaysia: Malaysian Minister Urges Local Halal SMEs to go International in New Report Directory | |
| 260 |
_a[No place] : _b[publisher not identified], _c2010 |
||
| 336 |
_atext _2rdacontent |
||
| 337 |
_acomputer _2rdamedia |
||
| 338 |
_aonline resource _2rdacarrier |
||
| 650 |
_aglobal halal market _92232 |
||
| 650 |
_aSmall and medium-sized entrepreneurs (SMEs) _916764 |
||
| 710 | _aHalal Focus | ||
| 856 | _zRequest full-text at [email protected] | ||
| 942 | _2lcc | ||
| 942 | _cNEWS | ||
| 942 | _kNWSO 005885 | ||
| 999 |
_c14615 _d14615 |
||